000 00454nam a22001457a 4500
082 _aBEE-4 NAW
100 _aMuhammad Abdullah Nawaz
_992270
245 _aFabric Fault Detection
260 _aIslamabad
_bNUST-SEECS
_c2016
300 _aPv.
_b27cm.
_eCD Includes
500 _aSupervisors: Dr. Salman Abdul Ghafoor, Dr. Ahmed Salman
700 _aAbdullah Masood
_992271
856 _uhttp://10.250.8.41:8080/xmlui/handle/123456789/6261
942 _cPR
_2ddc
999 _c13665
_d13665